| 000 | 00931nas a2200325 4500 | ||
|---|---|---|---|
| 001 | BR0402881 | ||
| 003 | BR-BrBNA | ||
| 005 | 20231205104604.0 | ||
| 007 | ta | ||
| 008 | 230509b bl.|||p| |||| 00| 00por d | ||
| 040 |
_aBR-BrBNA _bpor _cBiblioteca Nacional de Agricultura |
||
| 041 | _a(Pt) | ||
| 072 | _aF30; F08 | ||
| 100 | 1 | _aModolo, V.A. | |
| 100 | 1 | _aCosta, C.P. da | |
| 245 | 1 | _aAvaliação de linhagens de Maxixe Paulista em ambiente protegido | |
| 650 | _aMAXIXE | ||
| 650 | _aCUCUMIS ANGURIA | ||
| 650 | _aMUDA | ||
| 650 | _aPODA | ||
| 650 | _aPRÁTICA CULTURAL | ||
| 650 | _aPRODUÇÃO VEGETAL | ||
| 650 | _aLINHAGEM | ||
| 650 | _aMELHORAMENTO GENÉTICO VEGETAL | ||
| 650 | _aESTATÍSTICA | ||
| 650 | _aRENDIMENTO | ||
| 773 | 0 |
_tHorticultura Brasileira (Brazil) _xISSN 0102-0536 _g(Oct-Dec 2003), v. 21(4) p. 632-634 _wBR0402881 |
|
| 909 |
_a202311 _bLúcia _c55 _dLúcia Elande |
||
| 942 |
_2AGRIS _n0 _cANA |
||
| 999 |
_c178859 _d178859 |
||